00158nam a22000737a 4500020001500000100001400015245002100029260003400050 a0698200918 aWanda Gag aMillions Of Cats aNew YorkbCoward McCannc1928